Netherlands Quiz - Statistics

General Stats
  • This quiz has been taken 175 times
  • The average score is 9 of 11
Answer Stats
Hint Answer % Correct
Currency? Euro
100%
Capital city? Amsterdam
99%
Official language? Dutch
99%
Continent? Europe
99%
Colours on the flag? Red
96%
Blue
95%
White
95%
Drives on the...? Right
91%
Anthem? Wilhelmus
53%
Calling code? +31
48%
Motto? Je maintiendrai
17%
No matching quizzes found
Score Distribution
Percent of People with Each Score
Percentile by Number Answered
Your Score History
You have not taken this quiz